Grenzgänge in der Musik vom Mittelalter bis zum 21. Jahrhundert

Titel: Grenzgänge in der Musik vom Mittelalter bis zum 21. Jahrhundert : elf Konzerte des Westdeutschen Rundfunks ; Kulturpolitisches Forum, Podiumsdiskussion zum Thema: "Alte und neue Ufer in der Neuen und Alten Musik" ; Holz- und Blechblasinstrumente, Musikinstrumenten-Messe der Stadt Herne ; "... in Liebe zerflossenes Gefühl" - Das Klarinette, Symposium der Stadt Herne in Verbindung mit der Ruhr-Universität Bochum ; Tage Alter Musik in Herne, 05: 9. - 13. November/ [Künstlerische Ltg. und verantwortliche Red.: Richard Lorber ...]
Beteiligt:
Körperschaft:
Veröffentlicht: Köln : WDR, [ca. 2005]
Umfang: 226 Seiten : Illustrationen
Format: Buch
Sprache: Deutsch
Schlagworte:
Kein Bild verfügbar
X
Lokale Klassifikation: 1 9 H ; 3 9 H
alg: 17928654
001A    $03004:04-07-06 
001B    $01999:10-02-25 $t16:01:39.000 
001D    $03004:04-07-06 
001U    $0utf8 
001X    $00 
002@    $0Aau 
002C    $aText $btxt $2rdacontent 
002D    $aohne Hilfsmittel zu benutzen $bn $2rdamedia 
002E    $aBand $bnc $2rdacarrier 
003@    $0179286544 
003O    $0179953742 $aOCoLC 
006G    $0979652332 
006U    $006,B45,0412 $f20060509 
007A    $0179286544 $aHEB 
010@    $ager 
011@    $a2005 $n[ca. 2005] 
013D    $RTheaterzettel $RKonzertzettel $#Concert programs $#Programs $#Programmes $#Programas $#Conciertos Programas $#Theaterprogramm $#Konzertprogramm $#Programmhefte $#Programmblatt $74373950-7 $8Programmheft [Ts1] $9088358593 
021A    $aGrenzgänge in der Musik vom Mittelalter bis zum 21. Jahrhundert $delf Konzerte des Westdeutschen Rundfunks ; Kulturpolitisches Forum, Podiumsdiskussion zum Thema: "Alte und neue Ufer in der Neuen und Alten Musik" ; Holz- und Blechblasinstrumente, Musikinstrumenten-Messe der Stadt Herne ; "... in Liebe zerflossenes Gefühl" - Das Klarinette, Symposium der Stadt Herne in Verbindung mit der Ruhr-Universität Bochum ; Tage Alter Musik in Herne, 05: 9. - 13. November/ [Künstlerische Ltg. und verantwortliche Red.: Richard Lorber ...] 
028C    $7113783191 $8Lorber, Richard$Z1959- [Tp3] $9148143210 
029F    $#Musikinstrumentenmesse, Herne 2005 30 $#Tage Alter Musik, Herne 2005 $710137237-1 $8Tage Alter Musik$gWestdeutscher Rundfunk Köln$n30$d2005$cHerne [Tf1] $9178291102 
029F    $RWestdeutscher Rundfunk Köln $#Westdeutscher Rundfunk Köln, Radio 3 $#Westdeutscher Rundfunk Köln, Radio 3 $#Radio 3 Westdeutscher Rundfunk Köln $#WDR 3 $#WDR 3 $710038160-1 $8Westdeutscher Rundfunk Köln$bWDR 3 [Tb1] $9104769661 
033A    $pKöln $nWDR 
034D    $a226 Seiten 
034M    $aIllustrationen 
044K    $#Musikinstrumentenmesse, Herne 2005 30 $#Tage Alter Musik, Herne 2005 $710137237-1 $8Tage Alter Musik$gWestdeutscher Rundfunk Köln$n30$d2005$cHerne [Tf1] $9178291102 
045E    $c780 
045F    $a780.902435631 $eDDC22ger 
045F/01 $a780.902 
045F/03 $g435631 
045G    $a780.94 $eDDC23BSB 
045G/01 $a780 
045G/03 $g4 
045G/03 $g43 

lok: 17928654 3
101B    $029-01-07 $t08:16:51.000 
101C    $029-01-07 
101U    $0utf8 
145S/01 $a029 

exp: 17928654 3 1 #EPN
201B/01 $029-01-07 $t08:17:07.000 
201C/01 $029-01-07 
201U/01 $0utf8 
203@/01 $0500374716 
208@/01 $a29-01-07 $bzAa 
209A/01 $aQ 88.243.55 $du $f000 $hQ 88 243 55 $x00 
209G/01 $a88243552 $x00 
247C/01 $8601000-3 <30>Frankfurt, Universitätsbibliothek J. C. Senckenberg, Zentralbibliothek (ZB) $9102598258 

lok: 17928654 24
101B    $010-08-06 $t17:03:43.000 
101C    $010-08-06 
145Z/01 $a1 9 H 
145Z/02 $a3 9 H 
101U    $0utf8 

exp: 17928654 24 1 #EPN
201B/01 $010-08-06 $t17:03:43.000 
201C/01 $004-07-06 
203@/01 $0414845307 
208@/01 $a10-08-06 $bz 
209A/01 $a06.3090 $du $f050 $h06 3090 $x00 
209C/01 $a06.3090 G $h06 3090 G 
209G/01 $a70974967 $x00 
220C/01 $ahae/war 
247C/01 $8358050-7 Marburg, Bibliothek des Herder-Instituts Marburg $9102600961 
201U/01 $0utf8
LEADER 00000cam a2200000 c 4500
001 179286544
003 DE-603
005 20250210160139.0
007 tu
008 060704s2005 xx |||| | u00||u|ger
015 |a 06,B45,0412  |2 dnb 
016 7 |2 DE-101  |a 979652332 
035 |a (DE-599)HEB179286544 
035 |a (OCoLC)179953742 
040 |a DE-603  |b ger  |c DE-603  |d DE-603 
041 |a ger 
082 0 4 |8 1\u  |a 780.902435631  |q DE-101  |2 22/ger 
083 0 |8 2\u  |a 780.94  |q DE-101  |2 23/BSB 
084 |a 780  |q DE-101  |2 sdnb 
085 |8 1\u  |b 780.902 
085 |8 1\u  |z 2  |s 435631 
085 |8 2\u  |b 780 
085 |8 2\u  |z 2  |s 4 
085 |8 2\u  |z 2  |s 43 
245 0 0 |a Grenzgänge in der Musik vom Mittelalter bis zum 21. Jahrhundert  |b elf Konzerte des Westdeutschen Rundfunks ; Kulturpolitisches Forum, Podiumsdiskussion zum Thema: "Alte und neue Ufer in der Neuen und Alten Musik" ; Holz- und Blechblasinstrumente, Musikinstrumenten-Messe der Stadt Herne ; "... in Liebe zerflossenes Gefühl" - Das Klarinette, Symposium der Stadt Herne in Verbindung mit der Ruhr-Universität Bochum ; Tage Alter Musik in Herne, 05: 9. - 13. November/ [Künstlerische Ltg. und verantwortliche Red.: Richard Lorber ...] 
264 1 |a Köln  |b WDR  |c [ca. 2005] 
300 |a 226 Seiten  |b Illustrationen 
336 |a Text  |b txt  |2 rdacontent 
337 |a ohne Hilfsmittel zu benutzen  |b n  |2 rdamedia 
338 |a Band  |b nc  |2 rdacarrier 
611 2 7 |a Tage Alter Musik  |g Westdeutscher Rundfunk Köln  |n 30  |d 2005  |c Herne  |2 gnd  |0 (DE-588)10137237-1  |0 (DE-603)178291102 
655 7 |a Programmheft  |2 gnd-content  |0 (DE-588)4373950-7  |0 (DE-603)088358593 
700 1 |a Lorber, Richard  |d 1959-  |0 (DE-603)148143210  |0 (DE-588)113783191  |2 gnd 
710 2 |a Westdeutscher Rundfunk Köln  |b WDR 3  |0 (DE-603)104769661  |0 (DE-588)10038160-1  |2 gnd 
711 2 |a Tage Alter Musik  |g Westdeutscher Rundfunk Köln  |n 30  |d 2005  |c Herne  |0 (DE-603)178291102  |0 (DE-588)10137237-1  |2 gnd 
924 0 |9 30  |a (DE-603)500374716  |b DE-30  |c HES  |d c  |g Q 88.243.55 
924 0 |9 Mb 50  |a (DE-603)414845307  |b DE-Mb50  |c HES  |d c  |g 06.3090